Bài giảng chưng luyện đặc biệt và kỹ thuật sản xuất cồn tuyệt đối

Saved in:
Bibliographic Details
Main Author: Phan Văn Thơm
Format: Book
Language:Undetermined
Published: Cần Thơ Trường Đại học Cần Thơ - Khoa Nông Nghiệp 1999
Subjects:
Tags: Add Tag
No Tags, Be the first to tag this record!
Institutions: Trung tâm Học liệu Trường Đại học Cần Thơ
LEADER 00654nam a2200181Ia 4500
001 CTU_35661
008 210402s9999 xx 000 0 und d
082 |a 661.82 
082 |b Th463 
100 |a Phan Văn Thơm 
245 0 |a Bài giảng chưng luyện đặc biệt và kỹ thuật sản xuất cồn tuyệt đối 
245 0 |c Phan Văn Thơm 
260 |a Cần Thơ 
260 |b Trường Đại học Cần Thơ - Khoa Nông Nghiệp 
260 |c 1999 
650 |a alcohols,chemical engineering 
904 |i Nguyễn Quang Điền, 000308 
980 |a Trung tâm Học liệu Trường Đại học Cần Thơ